000
002980000a22001450004500
003
MACL
040
_a
MACL
090
_c
42560
_d
42558
100
_a
Hashem, S M
245
_a
Todays Child
260
_b
Sparrow Publication
_c
2008
350
_a
175
650
_a
Psychology
942
_c
BOOK
_k
155/HAS
999
_c
42111
_d
42111